000 00407nam a22001697a 4500
005 20250619110151.0
008 250507b |||||||| |||| 00| 0 eng d
020 _a9781784971656
040 _cSDCL
041 _aeng
084 _aO-,3N63 Q6 LR
100 _aCixiniliu
_9754869
245 _aDeath's End
260 _aLondon :
_bHead of Zeus Ltd.,
_c2016
300 _avii, 724p
942 _2CC
_cGB
999 _c1312935
_d1312935